UM Logo

The boys from Biloxi / (Record no. 18464)

MARC details
000 -LEADER
fixed length control field 00450nam a2200157 4500
008 - FIXED-LENGTH DATA ELEMENTS--GENERAL INFORMATION
fixed length control field 231120b ||||| |||| 00| 0 eng d
020 ## - INTERNATIONAL STANDARD BOOK NUMBER
International Standard Book Number 9780385548922 (Hardcover)
082 ## - DEWEY DECIMAL CLASSIFICATION NUMBER
Edition number 2022
Classification number DFic
Item number G888
100 ## - MAIN ENTRY--PERSONAL NAME
Personal name Grisham, John.
9 (RLIN) 46521
245 ## - TITLE STATEMENT
Title The boys from Biloxi /
Statement of responsibility, etc. John Grisham.
260 ## - PUBLICATION, DISTRIBUTION, ETC. (IMPRINT)
Place of publication, distribution, etc. New York :
Name of publisher, distributor, etc. Doubleday,
Date of publication, distribution, etc. ©2022
300 ## - PHYSICAL DESCRIPTION
Extent 454 pages ;
Dimensions 24 cm.
650 ## - SUBJECT ADDED ENTRY--TOPICAL TERM
Topical term or geographic name as entry element Fiction.
9 (RLIN) 50120
650 ## - SUBJECT ADDED ENTRY--TOPICAL TERM
Topical term or geographic name as entry element Fiction.
9 (RLIN) 50121
942 ## - ADDED ENTRY ELEMENTS (KOHA)
Source of classification or shelving scheme Dewey Decimal Classification
Koha item type Fiction
Holdings
Withdrawn status Lost status Source of classification or shelving scheme Damaged status Not for loan Collection code Home library Current library Shelving location Date acquired Source of acquisition Cost, normal purchase price Total Checkouts Full call number Barcode Date last seen Date last checked out Price effective from Koha item type
    Dewey Decimal Classification     Fiction UM Digos College - LIC UM Digos College - LIC Book Cart 08/08/2023 Purchased 1995.00 2 DFic G888 2022 28089 09/19/2025 09/16/2025 11/20/2023 Fiction